[Event "World Cup U18 Girls Prel"]
[Site "Tornelo INT"]
[Date "2021.08.01"]
[Round "9"]
[White "Espinoza Coca, Laura"]
[Black "Wang, Isabelle"]
[Result "0-1"]
[WhiteElo "1086"]
[BlackElo "1520"]
[PlyCount "78"]
[EventDate "2021.08.01"]
[EventType "swiss (rapid)"]
[EventRounds "10"]
[EventCountry "NET"]
[SourceTitle "EXT 2024"]
[Source "ChessBase"]
[SourceDate "2023.10.10"]
[SourceVersion "1"]
[SourceVersionDate "2023.10.10"]
[SourceQuality "1"]

1. e4 e5 2. Nf3 Nc6 3. d4 exd4 4. Nxd4 Nf6 5. Nc3 Bb4 6. Nxc6 bxc6 7. Bd3 d5 8. exd5 cxd5 9. 0-0 0-0 10. Bg5 c6 11. Ne2 h6 12. Bh4 Bg4 13. f3 Bc5+ 14. Kh1 Be6 15. c3 Rb8 16. b4 Bb6 17. a4 a5 18. b5 cxb5 19. axb5 Rc8 20. Qd2 Qe7 21. Rfe1 Rfe8 22. Ng3 Bd8 23. Nf5 Qf8 24. Nd4 Nd7 25. Bg3 Nc5 26. Bc2 Ra8 27. f4 Bb6 28. f5 Bd7 29. Rxe8 Bxe8 30. Qf4 Ne4 31. Bxe4 dxe4 32. Qxe4 Rc8 33. Nc6 Bxc6 34. bxc6 Qc5 35. Be5 Qxc6 36. Qg4 f6 37. Bf4 Kh8 38. h3 Qxc3 39. Rc1 Qxc1+ 0-1

[Event "World Cup U18 Girls Prel"]
[Site "Tornelo INT"]
[Date "2021.08.01"]
[Round "7"]
[White "Wang, Isabelle"]
[Black "Cabrera Bautista, Valeria Fernanda"]
[Result "0-1"]
[WhiteElo "1520"]
[BlackElo "1283"]
[PlyCount "152"]
[EventDate "2021.08.01"]
[EventType "swiss (rapid)"]
[EventRounds "10"]
[EventCountry "NET"]
[SourceTitle "EXT 2024"]
[Source "ChessBase"]
[SourceDate "2023.10.10"]
[SourceVersion "1"]
[SourceVersionDate "2023.10.10"]
[SourceQuality "1"]

1. e4 e6 2. d4 d5 3. exd5 exd5 4. Bd3 Bd6 5. Nf3 Ne7 6. 0-0 0-0 7. Bg5 h6 8. Bxe7 Qxe7 9. Re1 Qf6 10. c3 Nc6 11. Nbd2 Ne7 12. Ne5 c5 13. Rc1 Be6 14. Bb1 Rac8 15. Ndf3 Nf5 16. dxc5 Bxc5 17. Qd3 g6 18. Ng4 Qg7 19. Ne3 Nxe3 20. fxe3 Rcd8 21. Kh1 Bf5 22. Qd2 Be4 23. Bxe4 dxe4 24. Nd4 Qe5 25. Qf2 Bd6 26. Qh4 Qg7 27. Rf1 f5 28. Ne6 Be7 29. Qf2 Qe5 30. Nxf8 Bxf8 31. Rcd1 Rd3 32. Rxd3 exd3 33. Qf4 Qd5 34. Qd4 Qb5 35. Rd1 Qxb2 36. Qxd3 Qxa2 37. Qd5+ Qxd5 38. Rxd5 b6 39. Rd4 Bc5 40. Rd3 a5 41. c4 Kf7 42. Kg1 f4 43. Kf1 Bxe3 44. Ra3 Bc5 45. Ra4 g5 46. Ke2 Ke6 47. Kf3 Kf5 48. Ra2 h5 49. g3 g4+ 50. Kg2 f3+ 51. Kf1 Ke4 52. Rc2 Kd3 53. Rc1 Ba3 54. Rb1 Bb4 55. Rc1 Kd2 56. Rb1 Kc3 57. Rc1+ Kb2 58. Rd1 a4 59. Rd5 a3 60. Rxh5 a2 61. Rd5 a1Q+ 62. Kf2 Kc3 63. Ke3 Qc1+ 64. Ke4 Qc2+ 65. Ke5 Kxc4 66. Rd7 Qe2+ 67. Kf6 Bc3+ 68. Kg5 Qe5+ 69. Kh6 Qe6+ 70. Kh5 Qxd7 71. Kg5 Qg7+ 72. Kf4 Qe5+ 73. Kxg4 f2 74. h4 f1Q 75. h5 Qef5+ 76. Kh4 Qh1# 0-1

[Event "World Cup U18 Girls Prel"]
[Site "Tornelo INT"]
[Date "2021.08.01"]
[Round "3"]
[White "Wang, Isabelle"]
[Black "De Freitas, Isabella Ribeiro Co"]
[Result "1-0"]
[WhiteElo "1520"]
[BlackElo "1893"]
[PlyCount "179"]
[EventDate "2021.08.01"]
[EventType "swiss (rapid)"]
[EventRounds "10"]
[EventCountry "NET"]
[SourceTitle "EXT 2024"]
[Source "ChessBase"]
[SourceDate "2023.10.10"]
[SourceVersion "1"]
[SourceVersionDate "2023.10.10"]
[SourceQuality "1"]

1. e4 c5 2. Nf3 e6 3. d4 cxd4 4. Nxd4 a6 5. Nc3 Qc7 6. Be2 Nf6 7. 0-0 Be7 8. Be3 0-0 9. Qd2 b5 10. a3 Bb7 11. Bd3 d6 12. Nde2 Nbd7 13. Ng3 Rac8 14. f4 Ng4 15. Rae1 Nxe3 16. Qxe3 d5 17. Qd2 dxe4 18. Bxe4 Rfd8 19. Qe2 Bxe4 20. Ngxe4 Nf6 21. Ng5 h6 22. Nh3 Nd5 23. Nxd5 Rxd5 24. c3 Bd6 25. Rd1 Rxd1 26. Qxd1 Rd8 27. Qf3 Qc5+ 28. Kh1 Qc4 29. f5 exf5 30. Qxf5 Re8 31. Qf3 Bc5 32. Nf4 Re3 33. Qd1 Kh7 34. Qb1+ g6 35. Nh5 Re5 36. Nf6+ Kg7 37. Qd1 Be7 38. Ng4 Re4 39. Nf2 Rh4 40. Qd3 Qc7 41. h3 Bd6 42. Ne4 Be5 43. Qf3 Rf4 44. Qe2 Rxf1+ 45. Qxf1 Qb7 46. Nd2 Qd5 47. Nf3 Bd6 48. Qe1 a5 49. Qd2 Qe6 50. Qd4+ Kh7 51. Qd2 Bc7 52. Qe1 Qf5 53. Qd1 g5 54. Kg1 Bb6+ 55. Kh1 Bc7 56. Kg1 Qc5+ 57. Kh1 Qf2 58. Qd3+ Kg7 59. Qd4+ Qxd4 60. Nxd4 b4 61. axb4 axb4 62. cxb4 Kf6 63. b5 Ke5 64. Nc6+ Kd5 65. Kg1 Kc4 66. Kf2 Kxb5 67. Ne7 Kb4 68. g4 Bb6+ 69. Kf3 Kb3 70. Nf5 Kxb2 71. Nxh6 Bd4 72. Nxf7 Kc3 73. Nxg5 Kd3 74. Ne4 Bg7 75. g5 Kd4 76. h4 Ke5 77. Ng3 Ke6 78. Kg4 Kf7 79. h5 Kg8 80. g6 Bh6 81. Nf5 Bf8 82. Kg5 Be7+ 83. Nxe7+ Kh8 84. Nf5 Kg8 85. h6 Kh8 86. g7+ Kh7 87. Kh5 Kg8 88. Ne7+ Kf7 89. g8Q+ Kxe7 90. Qg6 1-0

[Event "Quebec-ch U14"]
[Site "Montreal"]
[Date "2018.01.13"]
[Round "2"]
[White "Wang, Isabelle"]
[Black "Farahdel, Anahita"]
[Result "1-0"]
[WhiteElo "1635"]
[BlackElo "1175"]
[PlyCount "103"]
[EventDate "2018.01.12"]
[EventType "swiss"]
[EventRounds "5"]
[EventCountry "CAN"]
[SourceTitle "EXT 2022"]
[Source "ChessBase"]
[SourceDate "2021.10.06"]
[SourceVersion "1"]
[SourceVersionDate "2021.10.06"]
[SourceQuality "1"]

1. e4 c6 2. d4 d5 3. exd5 cxd5 4. Bd3 Nc6 5. c3 e5 6. dxe5 Nxe5 7. Bb5+ Nc6 8. Nf3 Qe7+ 9. Be3 Nf6 10. 0-0 a6 11. Ba4 b5 12. Bb3 Be6 13. Nd4 Nxd4 14. Bxd4 Qc7 15. Bxf6 gxf6 16. Qf3 Qe5 17. Nd2 Bh6 18. Rad1 Qf4 19. Bxd5 Rd8 20. Bc6+ Kf8 21. Qxf4 Bxf4 22. Nb3 Rxd1 23. Rxd1 Bxb3 24. axb3 Kg7 25. Bb7 a5 26. Rd5 Bc1 27. Rxb5 Bxb2 28. c4 Rd8 29. g3 Rd1+ 30. Kg2 Rd3 31. c5 Be5 32. c6 Rc3 33. Rxa5 Bc7 34. Rb5 Kf8 35. Rd5 Ke8 36. b4 Rc4 37. b5 Re4 38. Rh5 Re5 39. Rxe5+ fxe5 40. Kf3 Ke7 41. Ke4 Ke6 42. Bc8+ Kd6 43. f4 f6 44. fxe5+ fxe5 45. g4 Ke7 46. Kd5 Kf6 47. h3 Ke7 48. Bf5 h6 49. Kc5 Bd6+ 50. Kb6 Kd8 51. Kb7 Bc7 52. b6 1-0

[Event "Montreal Pere Noel U1500"]
[Site "Montreal"]
[Date "2016.12.30"]
[Round "5.34"]
[White "Wang, Isabelle"]
[Black "Gagnon Styrczula, Philippe"]
[Result "1/2-1/2"]
[WhiteElo "1280"]
[BlackElo "1195"]
[PlyCount "122"]
[EventDate "2016.12.26"]
[EventType "swiss"]
[EventRounds "5"]
[EventCountry "CAN"]
[SourceTitle "EXT 2022"]
[Source "ChessBase"]
[SourceDate "2021.10.06"]
[SourceVersion "1"]
[SourceVersionDate "2021.10.06"]
[SourceQuality "1"]

1. e4 c6 2. d4 d5 3. exd5 cxd5 4. Bd3 Nf6 5. c3 Bg4 6. Nf3 Nc6 7. Bf4 e6 8. h3 Bh5 9. Nbd2 Bd6 10. Bxd6 Qxd6 11. Qe2 0-0 12. 0-0 Rfe8 13. Qe3 Bxf3 14. Nxf3 e5 15. dxe5 Nxe5 16. Nxe5 Qxe5 17. Qd2 Qc7 18. Rfe1 Qd7 19. Qf4 Rxe1+ 20. Rxe1 b6 21. Qh4 Re8 22. Rxe8+ Qxe8 23. Kh2 Qe5+ 24. Qg3 Qxg3+ 25. Kxg3 Kf8 26. Kf4 Ke7 27. g4 h6 28. Ke5 Kd7 29. Bb5+ Kc7 30. f3 a6 31. Bxa6 Kc6 32. Bd3 Nd7+ 33. Kd4 Nc5 34. b4 Ne6+ 35. Ke3 Kd6 36. Bf5 Nc7 37. a4 Ke5 38. f4+ Kd6 39. Kd4 g5 40. fxg5 hxg5 41. Bd3 Ne6+ 42. Ke3 Ke5 43. a5 bxa5 44. bxa5 Kd6 45. a6 Kc6 46. c4 dxc4 47. Bxc4 Nf4 48. Bf1 Kb6 49. Ke4 f6 50. Kf5 Nd5 51. Ke6 Ne3 52. Be2 Nc2 53. Kxf6 Nd4 54. Bf1 Nf3 55. Kf5 Ka7 56. Bd3 Ng1 57. Kxg5 Nxh3+ 58. Kf6 Nf2 59. g5 Nxd3 60. g6 Nf4 61. g7 Nh5+ 1/2-1/2

[Event "Montreal Pere Noel U1500"]
[Site "Montreal"]
[Date "2016.12.28"]
[Round "3.5"]
[White "Wang, Isabelle"]
[Black "Fournier, Martin"]
[Result "1-0"]
[WhiteElo "1280"]
[BlackElo "1410"]
[PlyCount "43"]
[EventDate "2016.12.26"]
[EventType "swiss"]
[EventRounds "5"]
[EventCountry "CAN"]
[SourceTitle "EXT 2022"]
[Source "ChessBase"]
[SourceDate "2021.10.06"]
[SourceVersion "1"]
[SourceVersionDate "2021.10.06"]
[SourceQuality "1"]

1. e4 c5 2. Nf3 d6 3. d4 cxd4 4. Nxd4 Nf6 5. Nc3 a6 6. Bg5 e6 7. f4 Qb6 8. Nb3 Nc6 9. Qf3 Nd4 10. Nxd4 Qxd4 11. Bd3 Be7 12. 0-0-0 Qc5 13. g4 h6 14. Bh4 Nd5 15. Bf2 Qc7 16. exd5 b5 17. dxe6 Rb8 18. exf7+ Kxf7 19. Qd5+ Be6 20. Bg6+ Kxg6 21. Qxe6+ Kh7 22. Nd5 1-0

[Event "Windsor NAYCC U12 Girls"]
[Site "Windsor"]
[Date "2016.08.07"]
[Round "1.122"]
[White "Qiao, Joey"]
[Black "Wang, Isabelle"]
[Result "1/2-1/2"]
[WhiteElo "1462"]
[BlackElo "1102"]
[PlyCount "67"]
[EventDate "2016.08.07"]
[EventType "swiss"]
[EventRounds "9"]
[EventCountry "CAN"]
[SourceTitle "EXT 2022"]
[Source "ChessBase"]
[SourceDate "2021.10.06"]
[SourceVersion "1"]
[SourceVersionDate "2021.10.06"]
[SourceQuality "1"]

1. e4 e5 2. Nf3 Nc6 3. Bc4 Bc5 4. c3 Nf6 5. d3 h6 6. Nbd2 0-0 7. 0-0 d6 8. h3 Be6 9. Re1 Bxc4 10. Nxc4 a6 11. Ncd2 Re8 12. Nf1 Ne7 13. Ng3 Ng6 14. Bd2 d5 15. Bc1 c6 16. Qe2 b5 17. b4 Bb6 18. Qc2 d4 19. c4 a5 20. Qb3 axb4 21. Bd2 bxc4 22. Qxc4 c5 23. Reb1 Qd6 24. Bc1 Qe6 25. Qb3 Qc6 26. Nd2 Ra4 27. Nc4 Rea8 28. Nf5 Bc7 29. Rb2 R4a6 30. Rc2 Nd7 31. Nd2 Qa4 32. Qc4 Qc6 33. Qb3 Qa4 34. Qc4 1/2-1/2

[Event "Quebec-ch U12"]
[Site "Montreal"]
[Date "2016.01.17"]
[Round "5"]
[White "Yu, Xi Ming"]
[Black "Wang, Isabelle"]
[Result "1-0"]
[WhiteElo "1376"]
[BlackElo "1280"]
[PlyCount "93"]
[EventDate "2016.01.15"]
[EventType "swiss"]
[EventRounds "5"]
[EventCountry "CAN"]
[SourceTitle "EXT 2017"]
[Source "ChessBase"]
[SourceDate "2016.10.25"]
[SourceVersion "1"]
[SourceVersionDate "2016.10.25"]
[SourceQuality "1"]

1. e4 e5 2. Nf3 Nc6 3. Nc3 Nf6 4. d4 exd4 5. Nxd4 Bb4 6. Nxc6 bxc6 7. Bd3 0-0 8. 0-0 d5 9. exd5 cxd5 10. Bg5 Be7 11. Rb1 Be6 12. a3 a5 13. Bb5 Rc8 14. Bc6 d4 15. Nb5 Nd7 16. Bxe7 Qxe7 17. Bxd7 Qxd7 18. Nxd4 Rcd8 19. Nxe6 Qxe6 20. Qh5 Rd5 21. Qf3 Rfd8 22. Rbd1 Qd7 23. Rxd5 Qxd5 24. Qxd5 Rxd5 25. Re1 h6 26. Kf1 f6 27. Re3 Kf7 28. Rc3 c5 29. Rc4 g5 30. Ke2 Re5+ 31. Kd2 Rd5+ 32. Ke3 Re5+ 33. Re4 Rxe4+ 34. Kxe4 Ke6 35. g4 Kf7 36. Kd5 Kg6 37. Kxc5 f5 38. f3 fxg4 39. fxg4 h5 40. h3 h4 41. Kd6 Kf7 42. c4 Ke8 43. Ke6 Kd8 44. b4 axb4 45. axb4 Kc7 46. b5 Kb6 47. Kf5 1-0